A handbook of cultural economics

Αποθηκεύτηκε σε:
Λεπτομέρειες βιβλιογραφικής εγγραφής
Άλλοι συγγραφείς: Towse, Ruth 1943- (Επιμελητής έκδοσης)
Μορφή: Βιβλίο
Γλώσσα:English
Δημοσίευση: Cheltenham : Edward Elgar, 2003
Θέματα:
Ετικέτες: Προσθήκη ετικέτας
Δεν υπάρχουν, Καταχωρήστε ετικέτα πρώτοι!

MARC

LEADER 00000nam a2200000 i 4500
001 1/92091
008 080820s2003 eng d
020 |a 1-84542-234-1 
035 |l 10099475 
040 |a GR-MY-UA  |b gre  |e aacr 
041 0 |a eng 
082 0 |a 338.477  |2 (22) 
245 1 2 |a A handbook of cultural economics /  |c edited by Ruth Towse 
260 |a Cheltenham :   |b Edward Elgar,   |c 2003 
300 |a 512 σ.;  |b πίν., σχ. ;  |c 24 εκ. 
504 |a Ευρετήριο: σ. 483-494 
650 0 0 |a Culture  |x Economic aspects. 
700 1 |a Towse, Ruth  |d 1943-  |4 edt 
852 |a INST  |b LESVOS  |e 20080820  |h 338.477 HAN  |p 005100042790  |q 005100042790  |t BK  |y 0 
901 |a BIBL1-2008-2 
909 |a Λ  |b 145278 
922 |a 1ΕΛΗ  |b 200801  |c ΕΠΕΑΕΚ2/ΤΚΑ  |d ΕΛΕΥΘΕΡΟΥΔΑΚΗΣ 
970 |a ΧΑΤΖΗΜΙΧΑΗΛ  |b ΜΑΡΙΑ  |z 2008/08/20